| 000 | 00615nam a2200229Ia 4500 | ||
|---|---|---|---|
| 005 | 20250923145659.0 | ||
| 008 | 008 250917s9999 xx 000 0 eng d | ||
| 037 | _aTextual | ||
| 040 |
_aDSWL _beng _cDSWL |
||
| 041 |
_aeng _2eng |
||
| 084 |
_aX8:(S), N81 _qDSWL |
||
| 100 |
_aBass, B.M. _9837875 |
||
| 245 | 0 |
_aPeople, work and organisation _c by B.M.Bass |
|
| 250 | _a2nd | ||
| 260 |
_aBoston _bAllyn & Bacon _c1981 |
||
| 300 | _ax,673 p. | ||
| 365 |
_aUSD _b13.95 |
||
| 700 |
_a G.V. Barrett _9837876 |
||
| 925 | _g13.95 | ||
| 942 |
_cTEXL _hX8:(S), N81 |
||
| 999 |
_c1454283 _d1454283 |
||